000 00652cam a2200193 a 4500
001 000007307
005 20200929154128.0
008 820430s1969 sp a 000 0 spa d
040 _aDO-SdBNP
_bspa
_cBNPHU
082 _a910.7
_bC822d
100 1 _aCoronas Tejada, Luis.
_920299
245 1 0 _aDidáctica de la geografía /
_cLuis Coronas Tejada.
260 _aSalamanca :
_bAnaya,
_cc1969.
300 _a2 v. :
_bil. ;
_c24 cm.
504 _aIncluye referencias bibliográficas y notas al pie de las páginas.
650 4 _aGeografía
_xEnseñanza
_920300
650 4 _aGeografía
_vLIBROS DE TEXTO
_920301
651 4 _aEspaña
_xDescripción Y Viaje
_920302
999 _c7088
_d7088